000 01981nam0a2200397 4500
001 RU\NLR\bibl\1919699
005 20250616201336.0
021 _aRU
_b2012-43232
_93197
035 _a(nilc)RSL-KNO-005452402
035 _a(NLR Aleph) 001909172
090 _a3152566
_c3152566
100 _a20120620d2006 |||y0rusy50 ca
101 0 _arus
102 _aRU
105 _aa |||||||||
200 1 _aГрунтобетоны на основе техногенного сырья КМА для строительства автомобильных дорог
_eмонография
_fВ.В. Строкова, С.В. Карацупа, А.О. Лютенко
_gФедер. агентство по образованию, Белгор. гос. технол. ун-т им. В.Г. Шухова
210 _aБелгород
_cИзд-во БГТУ
_d2006
215 _a172 с.
_cил.
_d20
320 _aБиблиогр.: с. 160-172 (155 назв.)
606 1 _aГрунтобетон
_xПрименение в дорожном строительстве
_92359509
_3RU\NLR\auth\661409094
606 1 _aДорожное строительство
_yКурская магнитная аномалия
_92359519
_3RU\NLR\auth\661409101
610 0 _aгрунтобетон - структура
610 0 _aотходы обогащения железных руд
686 _aО311-033.3,07
_2rubbk
686 _aИ419,323,07
_2rubbk
686 _aО311.33-03
700 1 _4070
_7ca
_8rus
_aСтрокова
_bВ. В.
_cд-р техн. наук
_f1971-
_gВалерия Валерьевна
_9108375
_3RU\NLR\auth\77125450
701 1 _aКарацупа
_bС. В.
_gСергей Викторович
_4070
701 1 _aЛютенко
_bА. О.
_gАндрей Олегович
_4070
801 0 _aRU
_bRuMoRKP
_c20120620
_grcr
801 1 _aRU
_bРГБ
_c20120620
801 2 _aRU
_bNLR
_c20120629
_grcr
830 _aАвт. по кн.
942 _cBOOK
980 _aNB